000 01181nam a22002177a 4500
999 _c64116
_d64116
003 Ge_BSU
005 20260407163803.0
008 260407s2021 ge ||||| |||| 00| 0 geo d
020 _a9789941499166
041 _ageo
080 _a005.35(4): 17 თ-24
100 _aთაკალანძე, ლარისა
_914664
245 _aკორპორაციული სოციალური პასუხისმგებლობა და ეთიკა: ევროკავშირის გამოცდილება /
_cლარისა თაკალანძე; რედ. ირმა დიხამინჯია; სოხუმის სახელმწიფო უნივერსიტეტი.
264 _aთბილისი,
_c2021.
300 _a151 გვ.;
_b21 სმ.
504 _aბიბლიოგრ. გვ. 151
653 _aკორპორაციული ეთიკა
700 _aთაკალანძე, ლარისა
_eრედაქტორი
_914664
710 _aსოხუმის სახელმწიფო უნივერსიტეტი
_927280
942 _2udc
_cBK